Online
Catalog

Finanzas internacionales y Latinoamérica : (Record no. 1054)

MARC details
000 -CABECERA
campo de control de longitud fija 00708nam a2200181 a 4500
001 - NÚMERO DE CONTROL
campo de control 000001095
005 - FECHA Y HORA DE LA ÚLTIMA TRANSACCIÓN
campo de control 20200929145457.0
008 - DATOS DE LONGITUD FIJA--INFORMACIÓN GENERAL
campo de control de longitud fija 860606s1984 pe a b 000 0 spa
040 ## - FUENTE DE LA CATALOGACIÓN
Centro catalogador/agencia de origen DO-SdBNP
Lengua de catalogación spa
Centro/agencia transcriptor BNPHU
082 ## - NÚMERO DE LA CLASIFICACIÓN DECIMAL DEWEY
Número de clasificación 332.04298
Número de documento/Ítem G873i
100 1# - ENTRADA PRINCIPAL--NOMBRE DE PERSONA
Nombre de persona Griffith-Jones, Stephany.
9 (RLIN) 3745
240 10 - TÍTULO UNIFORME
Título uniforme International finance and Latin America.
Lenguaje de la obra Español
245 10 - MENCIÓN DE TÍTULO
Título Finanzas internacionales y Latinoamérica :
Resto del título pasado y futuro /
Mención de responsabilidad, etc. Stephany Griffith-Jones.
260 ## - PUBLICACIÓN, DISTRIBUCIÓN, ETC.
Lugar de publicación, distribución, etc. Lima :
Nombre del editor, distribuidor, etc. Asociación Latinoamericana de Instituciones Financieras de Desarrollo,
Fecha de publicación, distribución, etc. 1984.
300 ## - DESCRIPCIÓN FÍSICA
Extensión 194 p. :
Otras características físicas il. ;
Dimensiones 24 cm.
650 #4 - PUNTO DE ACCESO ADICIONAL DE MATERIA--TÉRMINO DE MATERIA
Término de materia o nombre geográfico como elemento de entrada Finanzas internacionales
Subdivisión geográfica América Latina
9 (RLIN) 3746
650 #4 - PUNTO DE ACCESO ADICIONAL DE MATERIA--TÉRMINO DE MATERIA
Término de materia o nombre geográfico como elemento de entrada Deudas externa
Subdivisión geográfica América Latina
9 (RLIN) 3747
Holdings
Estado de retiro Estado de pérdida Restricciones de uso No para préstamo Código de colección Localización permanente Ubicación/localización actual Ubicación en estantería Fecha de adquisición Número de inventario Total de préstamos Signatura topográfica completa Código de barras Fecha visto por última vez Precio válido a partir de Tipo de ítem Koha
    Préstamo interno Préstamo en sala Dominicana de Servicio Biblioteca Nacional Pedro Henríquez Ureña Biblioteca Nacional Pedro Henríquez Ureña En catalogación 03.09.2009 LF1   332.04298 G873i 1095-10 25.06.2020 25.06.2020 Libros y folletos

Powered by Koha